[Event "GER-ch U16 Girls"]
[Site "Willingen"]
[Date "2009.05.30"]
[Round "1"]
[White "Harder, Anne"]
[Black "Smolkina, Milana"]
[Result "0-1"]
[WhiteElo "1598"]
[BlackElo "1917"]
[PlyCount "46"]
[EventDate "2009.05.30"]
[EventType "swiss"]
[EventRounds "9"]
[EventCountry "GER"]
[SourceTitle "EXT 2010"]
[Source "ChessBase"]
[SourceDate "2010.11.25"]
[SourceVersion "1"]
[SourceVersionDate "2010.11.25"]
[SourceQuality "1"]

1. e4 c5 2. c3 d6 3. d4 Nf6 4. Bd3 Nc6 5. Nf3 g6 6. Qe2 Bg7 7. 0-0 cxd4 8. cxd4 Bg4 9. Be3 Nd7 10. Bc4 0-0 11. Rd1 Nb6 12. Bb3 Na5 13. Nbd2 Nxb3 14. Nxb3 f5 15. Bf4 fxe4 16. Qxe4 d5 17. Qe3 Nc4 18. Qc1 Nxb2 19. Re1 Nd3 20. Qe3 Nxf4 21. Ne5 Bxe5 22. dxe5 Qb6 23. Qg3 Ne2+ 0-1

[Event "Hamburg-ch U20"]
[Site "Schoenhagen"]
[Date "2009.03.21"]
[Round "11"]
[White "Moshtael, Wesal"]
[Black "Smolkina, Milana"]
[Result "1-0"]
[WhiteElo "2133"]
[BlackElo "1917"]
[PlyCount "47"]
[EventDate "2009.03.12"]
[EventType "tourn"]
[EventRounds "11"]
[EventCountry "GER"]
[SourceTitle "EXT 2010"]
[Source "ChessBase"]
[SourceDate "2010.11.25"]
[SourceVersion "1"]
[SourceVersionDate "2010.11.25"]
[SourceQuality "1"]

1. Nf3 c5 2. g3 Nf6 3. c4 Nc6 4. Bg2 d6 5. 0-0 g6 6. d4 cxd4 7. Nxd4 Nxd4 8. Qxd4 Bg7 9. Nc3 0-0 10. Rd1 a6 11. Qh4 Qb6 12. Na4 Qa5 13. b3 Rb8 14. c5 Ng4 15. Bd2 Qb5 16. Bf3 Bxa1 17. Rxa1 Nf6 18. cxd6 Qe5 19. dxe7 Qxa1+ 20. Kg2 Re8 21. Bc3 Qxc3 22. Nxc3 Kg7 23. Qd4 Rxe7 24. g4 1-0

[Event "Hamburg-ch U20"]
[Site "Schoenhagen"]
[Date "2009.03.15"]
[Round "4"]
[White "Streich, Justus"]
[Black "Smolkina, Milana"]
[Result "1/2-1/2"]
[WhiteElo "1776"]
[BlackElo "1917"]
[PlyCount "49"]
[EventDate "2009.03.12"]
[EventType "tourn"]
[EventRounds "11"]
[EventCountry "GER"]
[SourceTitle "EXT 2010"]
[Source "ChessBase"]
[SourceDate "2010.11.25"]
[SourceVersion "1"]
[SourceVersionDate "2010.11.25"]
[SourceQuality "1"]

1. e4 c5 2. Nc3 d6 3. g3 Nc6 4. Bg2 g6 5. d3 Bg7 6. Nge2 Nf6 7. 0-0 0-0 8. f4 Bd7 9. h3 Qc8 10. g4 a6 11. Ng3 b5 12. g5 Ne8 13. f5 Be5 14. Bf4 Bd4+ 15. Kh2 Ra7 16. Rb1 Ng7 17. Nd5 gxf5 18. Nb6 Qd8 19. Nxd7 Qxd7 20. exf5 b4 21. Qf3 Rc7 22. Qe4 Re8 23. Be3 Be5 24. Bf4 Bd4 25. Be3 1/2-1/2

[Event "GER-ch U16 Girls"]
[Site "Willingen"]
[Date "2008.05.11"]
[Round "7"]
[White "Frey, Alisa"]
[Black "Smolkina, Milana"]
[Result "1/2-1/2"]
[WhiteElo "1906"]
[BlackElo "1871"]
[PlyCount "150"]
[EventDate "2008.05.11"]
[EventType "swiss"]
[EventRounds "9"]
[EventCountry "GER"]
[SourceTitle "CBM 124 Extra"]
[Source "ChessBase"]
[SourceDate "2008.07.03"]
[SourceVersion "1"]
[SourceVersionDate "2008.07.03"]
[SourceQuality "1"]

1. e4 c5 2. Nf3 d6 3. d4 cxd4 4. Nxd4 Nf6 5. Nc3 g6 6. Be3 Bg7 7. f3 0-0 8. Qd2 Nc6 9. 0-0-0 d5 10. exd5 Nxd5 11. Nxc6 bxc6 12. Bd4 e5 13. Bc5 Be6 14. Ne4 Re8 15. h4 h6 16. g4 Qc7 17. g5 h5 18. Qf2 Red8 19. Bc4 Qb7 20. Rd3 Nf4 21. Rb3 Qc7 22. Bxe6 Nxe6 23. Ba3 Rd5 24. Rd1 Rad8 25. Rxd5 cxd5 26. Nc5 Nxc5 27. Bxc5 d4 28. Bb4 a5 29. Be1 a4 30. Rd3 Rb8 31. Qd2 Qb6 32. b4 Qe6 33. Kb1 Bf8 34. a3 Bg7 35. Qe2 Rc8 36. Bd2 Qc4 37. Bc1 Qc6 38. Bb2 Qc4 39. Rd2 Qxe2 40. Rxe2 Kf8 41. Re4 Rd8 42. f4 Rd5 43. c4 dxc3 44. Bxc3 exf4 45. Bxg7+ Kxg7 46. Rxf4 Rd3 47. Kb2 Rh3 48. b5 Rb3+ 49. Kc2 Rxb5 50. Rxa4 Rf5 51. Rd4 f6 52. Rd7+ Kf8 53. gxf6 Rxf6 54. Rd4 Rf5 55. Kc3 g5 56. hxg5 Rxg5 57. Rd8+ Ke7 58. Rh8 Rg3+ 59. Kb4 Rg4+ 60. Kb5 Rg5+ 61. Kb6 Rg6+ 62. Kb7 Rg3 63. a4 Ra3 64. Ra8 h4 65. a5 h3 66. a6 h2 67. Rh8 Rb3+ 68. Kc6 Ra3 69. Kb6 Rb3+ 70. Ka5 Ra3+ 71. Kb5 Ra2 72. Rh7+ Kd8 73. a7 Rxa7 74. Rh8+ Kc7 75. Rxh2 Kd6 1/2-1/2

[Event "GER-ch U14 Girls"]
[Site "Willingen"]
[Date "2007.05.30"]
[Round "7"]
[White "Smolkina, Milana"]
[Black "Bochis, Julia"]
[Result "1/2-1/2"]
[WhiteElo "1865"]
[BlackElo "1872"]
[PlyCount "59"]
[EventDate "2007.05.26"]
[EventType "swiss"]
[EventRounds "9"]
[EventCountry "GER"]
[SourceTitle "CBM 118 Extra"]
[Source "ChessBase"]
[SourceDate "2007.07.04"]
[SourceVersion "1"]
[SourceVersionDate "2007.07.04"]
[SourceQuality "1"]

1. e4 c5 2. Nf3 a6 3. c3 d6 4. d4 Nf6 5. Bd3 Nc6 6. 0-0 g6 7. h3 Bg7 8. Be3 cxd4 9. cxd4 0-0 10. Qd2 d5 11. e5 Ne4 12. Qc1 f6 13. Bh6 Be6 14. Bxg7 Kxg7 15. Nbd2 Nxd2 16. Qxd2 Qb6 17. exf6+ exf6 18. Rfe1 Rfe8 19. Bf1 Bf7 20. Rad1 Rac8 21. Re3 Qb4 22. Rb3 Qxd2 23. Rxd2 Re7 24. Rc2 Na7 25. Rxc8 Nxc8 26. Rc3 Nd6 27. Rc1 Be8 28. Rc5 Bf7 29. Rc2 Be8 30. Rc5 1/2-1/2

[Event "GER-ch U14 Girls"]
[Site "Willingen"]
[Date "2007.05.29"]
[Round "5"]
[White "Endress, Anna"]
[Black "Smolkina, Milana"]
[Result "1/2-1/2"]
[WhiteElo "1891"]
[BlackElo "1865"]
[PlyCount "87"]
[EventDate "2007.05.26"]
[EventType "swiss"]
[EventRounds "9"]
[EventCountry "GER"]
[SourceTitle "CBM 118 Extra"]
[Source "ChessBase"]
[SourceDate "2007.07.04"]
[SourceVersion "1"]
[SourceVersionDate "2007.07.04"]
[SourceQuality "1"]

1. e4 g6 2. d4 Bg7 3. Nf3 d6 4. Nc3 a6 5. Bf4 b5 6. a3 Bb7 7. e5 dxe5 8. Bxe5 Nf6 9. Be2 Nbd7 10. Bf4 0-0 11. 0-0 c5 12. dxc5 Nxc5 13. Qxd8 Rfxd8 14. Be3 Rac8 15. Rad1 Nce4 16. Nxe4 Bxe4 17. c3 Nd5 18. Rd2 Nxe3 19. fxe3 Rxd2 20. Nxd2 Bc6 21. Rd1 Rd8 22. Kf2 f5 23. Nb3 Rxd1 24. Bxd1 Kf7 25. Be2 Be5 26. g3 Bd6 27. Nd4 Bb7 28. c4 e5 29. Nb3 Bc6 30. Na5 Bd7 31. Nb7 Be7 32. Na5 Ke6 33. cxb5 Bxb5 34. Bd1 Kd5 35. a4 Bd3 36. Bb3+ Kc5 37. Bg8 h6 38. b3 Kb6 39. Nc4+ Bxc4 40. Bxc4 g5 41. Kf3 Bd6 42. Be6 f4 43. gxf4 exf4 44. exf4 1/2-1/2

[Event "Saarbruecken-chT U20"]
[Site "Saarbruecken"]
[Date "2006.11.22"]
[Round "3.4"]
[White "Smolkina, Milana"]
[Black "Bluebaum, Johanna"]
[Result "1-0"]
[WhiteElo "1847"]
[BlackElo "1988"]
[PlyCount "73"]
[EventDate "2006.11.??"]
[EventType "team"]
[EventRounds "7"]
[EventCountry "GER"]
[SourceTitle "EXT 2008"]
[Source "ChessBase"]
[SourceDate "2007.11.25"]
[SourceVersion "1"]
[SourceVersionDate "2007.11.25"]
[SourceQuality "1"]

1. d4 Nf6 2. e3 c5 3. c3 e6 4. Bd3 d5 5. f4 Nc6 6. Nf3 Be7 7. 0-0 0-0 8. Ne5 Nxe5 9. fxe5 Ne8 10. Qh5 g6 11. Qe2 f5 12. b3 Nc7 13. Ba3 b6 14. Nd2 c4 15. Bxe7 cxd3 16. Bxd8 dxe2 17. Bxc7 exf1Q+ 18. Rxf1 Ba6 19. Rc1 Rfc8 20. Bd6 b5 21. Nf3 h6 22. Ne1 Bb7 23. Nd3 Rc6 24. Nc5 Bc8 25. g4 a5 26. a3 Ra7 27. gxf5 gxf5 28. Kf2 Rg7 29. Rg1 Rxg1 30. Kxg1 Kf7 31. Kg2 Kg6 32. Kg3 Kg5 33. Be7+ Kh5 34. Bd6 b4 35. cxb4 axb4 36. Nd3 Rxd6 37. Nf4+ 1-0

[Event "Saarbruecken-chT U20"]
[Site "Saarbruecken"]
[Date "2006.11.21"]
[Round "1.4"]
[White "Kuersten, Ruediger"]
[Black "Smolkina, Milana"]
[Result "1-0"]
[WhiteElo "2118"]
[BlackElo "1847"]
[PlyCount "61"]
[EventDate "2006.11.??"]
[EventType "team"]
[EventRounds "7"]
[EventCountry "GER"]
[SourceTitle "EXT 2008"]
[Source "ChessBase"]
[SourceDate "2007.11.25"]
[SourceVersion "1"]
[SourceVersionDate "2007.11.25"]
[SourceQuality "1"]

1. Nf3 Nf6 2. g3 b6 3. Bg2 Bb7 4. 0-0 c5 5. c4 e6 6. Nc3 a6 7. b3 d6 8. d4 cxd4 9. Qxd4 Nbd7 10. Rd1 Be7 11. Bb2 Qc7 12. Rac1 0-0 13. Ng5 Bxg2 14. Kxg2 Rac8 15. Nce4 Qb7 16. f3 h6 17. Nh3 Rc6 18. Nhf2 Rd8 19. Ng4 Kh7 20. Nexf6+ Nxf6 21. Nxf6+ Bxf6 22. Qe4+ Kh8 23. Bxf6 gxf6 24. Qh4 Kg7 25. Rd4 Rc5 26. Rcd1 Re5 27. Kf2 Qc7 28. b4 a5 29. f4 Rf5 30. e4 e5 31. Rd5 1-0

[Event "GER-ch U14 Girls"]
[Site "Willingen"]
[Date "2006.06.07"]
[Round "7"]
[White "Hohmann, Louisa"]
[Black "Smolkina, Milana"]
[Result "0-1"]
[WhiteElo "1662"]
[BlackElo "1822"]
[PlyCount "66"]
[EventDate "2006.06.03"]
[EventType "swiss"]
[EventRounds "9"]
[EventCountry "GER"]
[SourceTitle "EXT 2007"]
[Source "ChessBase"]
[SourceDate "2006.11.23"]
[SourceVersion "1"]
[SourceVersionDate "2006.11.23"]
[SourceQuality "1"]

1. e4 e5 2. Nf3 Nc6 3. Bb5 Bc5 4. 0-0 Qf6 5. d3 Nd4 6. Nxd4 Bxd4 7. c3 Bb6 8. Be3 Ne7 9. Nd2 Bxe3 10. fxe3 Qb6 11. Qb3 Qxe3+ 12. Kh1 f6 13. Nf3 Qb6 14. Nxe5 Rf8 15. Nc4 Qc5 16. d4 Qg5 17. Na3 b6 18. e5 Bb7 19. Qc2 0-0-0 20. exf6 Rxf6 21. Bd3 Qg4 22. Qe2 Rg6 23. Qxg4 Rxg4 24. Rf2 Nd5 25. Be2 Rg5 26. Bf3 Rf8 27. c4 Nf6 28. Bxb7+ Kxb7 29. Nc2 Rh5 30. Raf1 Re8 31. h3 Ne4 32. Rf3 Nd2 33. Rf5 Nxf1 0-1

[Event "Hamburg Junge op"]
[Site "Hamburg"]
[Date "2005.10.04"]
[Round "4"]
[White "Smolkina, Milana"]
[Black "Ewaldt, Michael"]
[Result "0-1"]
[WhiteElo "1739"]
[BlackElo "2099"]
[PlyCount "60"]
[EventDate "2005.10.01"]
[EventType "swiss"]
[EventRounds "9"]
[EventCountry "GER"]
[SourceTitle "CBM 108 Extra"]
[Source "ChessBase"]
[SourceDate "2005.11.04"]
[SourceVersion "1"]
[SourceVersionDate "2005.11.04"]
[SourceQuality "1"]

1. e4 c5 2. Nf3 Nc6 3. d4 cxd4 4. Nxd4 Nf6 5. Nc3 d6 6. Be3 e5 7. Ndb5 a6 8. Na3 b5 9. Nd5 Rb8 10. f3 Nxd5 11. exd5 Ne7 12. b3 Qa5+ 13. Qd2 Qxa3 14. Qc3 Bd7 15. Qd2 Nf5 16. Bf2 Be7 17. Bd3 0-0 18. 0-0 Bh4 19. g3 Bd8 20. b4 a5 21. c3 axb4 22. cxb4 Bb6 23. Bxb6 Rxb6 24. f4 Nd4 25. Qe3 Ra6 26. Rfe1 Bg4 27. Be4 Qxe3+ 28. Rxe3 f5 29. Bd3 e4 30. Bb1 Rc8 0-1

[Event "Hamburg Junge op"]
[Site "Hamburg"]
[Date "2005.10.03"]
[Round "3"]
[White "Fernandez, Laura"]
[Black "Smolkina, Milana"]
[Result "0-1"]
[WhiteElo "1902"]
[BlackElo "1739"]
[PlyCount "118"]
[EventDate "2005.10.01"]
[EventType "swiss"]
[EventRounds "9"]
[EventCountry "GER"]
[SourceTitle "CBM 108 Extra"]
[Source "ChessBase"]
[SourceDate "2005.11.04"]
[SourceVersion "1"]
[SourceVersionDate "2005.11.04"]
[SourceQuality "1"]

1. e4 c5 2. Nc3 Nc6 3. Nf3 d6 4. d4 cxd4 5. Nxd4 g6 6. Be3 Bg7 7. Qd2 Nf6 8. f3 0-0 9. 0-0-0 d5 10. exd5 Nxd5 11. Nxc6 bxc6 12. Nxd5 cxd5 13. Qxd5 Qc7 14. Qc5 Qb8 15. Bd4 Bf5 16. Ba6 Qf4+ 17. Be3 Qa4 18. Qc4 Bxc2 19. Qxa4 Bxa4 20. b3 Bc6 21. Bd4 Rab8 22. Rhe1 Rfe8 23. Bxg7 Kxg7 24. Bc4 Kf8 25. Rd4 Rbd8 26. Red1 Rxd4 27. Rxd4 Rc8 28. Kd2 Ke8 29. Ke3 e6 30. Rh4 h5 31. g4 hxg4 32. Rh8+ Kd7 33. Rxc8 Kxc8 34. fxg4 Kd7 35. h4 Ke7 36. Kf4 f6 37. Bd3 Be8 38. g5 e5+ 39. Ke4 Bc6+ 40. Ke3 f5 41. Kf2 Ke6 42. Bc4+ Bd5 43. Bb5 f4 44. Be8 Kf5 45. Bd7+ Be6 46. Be8 Kg4 47. Bxg6 Kxh4 48. Be4 Kxg5 49. Kf3 Bf5 50. Bd5 e4+ 51. Kf2 Kf6 52. a4 a5 53. Bc6 Ke5 54. Bb5 Be6 55. Be8 Bxb3 56. Bb5 Kd4 57. Be8 Kc4 58. Bc6 Kd3 59. Bb5+ Kd2 0-1

[Event "Wch U12 Girls"]
[Site "Belfort"]
[Date "2005.07.23"]
[Round "4"]
[White "Pereira, Amanda Marques"]
[Black "Smolkina, Milana"]
[Result "0-1"]
[WhiteElo "1599"]
[BlackElo "1732"]
[PlyCount "94"]
[EventDate "2005.07.19"]
[EventType "swiss"]
[EventRounds "11"]
[EventCountry "FRA"]
[SourceTitle "CBM 107 Extra"]
[Source "ChessBase"]
[SourceDate "2005.09.01"]
[SourceVersion "1"]
[SourceVersionDate "2005.09.01"]
[SourceQuality "1"]

1. e4 e5 2. Nf3 Nc6 3. Bb5 Bc5 4. c3 f5 5. Bxc6 dxc6 6. Nxe5 Qh4 7. Qe2 fxe4 8. d4 exd3 9. Nxd3+ Be7 10. Bf4 Nf6 11. Bg3 Qg5 12. Nd2 0-0 13. Nf3 Qa5 14. Nde5 Qb5 15. Qxb5 cxb5 16. Nd4 a6 17. f3 Bc5 18. 0-0-0 Rd8 19. Rhe1 b4 20. Nb3 Rxd1+ 21. Rxd1 Be3+ 22. Kb1 Bf5+ 23. Ka1 bxc3 24. bxc3 Rc8 25. Kb2 Kf8 26. Nc4 Ba7 27. Rd2 Bg6 28. Ne5 Bf5 29. Nd4 Bxd4 30. Rxd4 Re8 31. Kc1 Nh5 32. Nd7+ Ke7 33. Bh4+ Nf6 34. Nxf6 gxf6 35. Rf4 Ke6 36. g4 Bg6 37. Rxf6+ Kd5 38. Rf4 Re2 39. Rd4+ Kc5 40. Rd2 Re8 41. Bg3 Kc6 42. h4 Re3 43. Kb2 Rxf3 44. Bf2 Rf4 45. g5 Rf5 46. Bg3 Rb5+ 47. Kc1 Rb1# 0-1

[Event "Wch U12 Girls"]
[Site "Belfort"]
[Date "2005.07.20"]
[Round "2"]
[White "Ostrowska, Dominika"]
[Black "Smolkina, Milana"]
[Result "1/2-1/2"]
[WhiteElo "1599"]
[BlackElo "1732"]
[PlyCount "102"]
[EventDate "2005.07.19"]
[EventType "swiss"]
[EventRounds "11"]
[EventCountry "FRA"]
[SourceTitle "CBM 107 Extra"]
[Source "ChessBase"]
[SourceDate "2005.09.01"]
[SourceVersion "1"]
[SourceVersionDate "2005.09.01"]
[SourceQuality "1"]

1. e4 c5 2. Nf3 d6 3. d4 cxd4 4. Nxd4 Nf6 5. Nc3 g6 6. Be3 Bg7 7. f3 0-0 8. Qd2 Nc6 9. 0-0-0 Nxd4 10. Bxd4 Be6 11. Kb1 Qc7 12. g4 Rfc8 13. h4 Qa5 14. Nd5 Qxd2 15. Rxd2 Bxd5 16. exd5 Nd7 17. Bxg7 Kxg7 18. Bd3 Ne5 19. Be4 Rc5 20. h5 Rh8 21. Rdh2 Rcc8 22. b3 b5 23. hxg6 hxg6 24. Rxh8 Rxh8 25. Rxh8 Kxh8 26. Kb2 a5 27. a3 g5 28. Kc3 Kg7 29. Kd4 Kf6 30. c4 bxc4 31. b4 axb4 32. axb4 e6 33. b5 Ke7 34. Kc3 Kd8 35. b6 Nd7 36. b7 Kc7 37. Kxc4 Nb6+ 38. Kd4 e5+ 39. Kd3 Kxb7 40. Kc3 Ka6 41. Kb4 Nd7 42. Bd3+ Kb6 43. Kc4 Nc5 44. Bh7 Ka5 45. Bg8 f6 46. Bh7 Nd7 47. Bg8 Nb6+ 48. Kd3 Kb5 49. Ke4 Kc5 50. Be6 Kc4 51. Bf7 Kc5 1/2-1/2

[Event "Wch U12 Girls"]
[Site "Belfort"]
[Date "2005.07.19"]
[Round "1"]
[White "Smolkina, Milana"]
[Black "McGarity, Molly"]
[Result "1-0"]
[WhiteElo "1732"]
[BlackElo "1599"]
[PlyCount "67"]
[EventDate "2005.07.19"]
[EventType "swiss"]
[EventRounds "11"]
[EventCountry "FRA"]
[SourceTitle "CBM 107 Extra"]
[Source "ChessBase"]
[SourceDate "2005.09.01"]
[SourceVersion "1"]
[SourceVersionDate "2005.09.01"]
[SourceQuality "1"]

1. e4 c5 2. Nf3 e6 3. d4 d5 4. Nc3 cxd4 5. Qxd4 Nc6 6. Bb5 Nge7 7. exd5 Nxd5 8. Nxd5 Qxd5 9. Qxd5 exd5 10. Bf4 Bd7 11. 0-0-0 a6 12. Ba4 Bc5 13. Rhe1+ Be6 14. Ng5 Kd7 15. c4 d4 16. Nxe6 fxe6 17. Be5 Ke7 18. Bxc6 bxc6 19. Bxd4 Bd6 20. Re4 Rae8 21. c5 Bc7 22. Be5 Bxe5 23. Rxe5 Rhf8 24. Rd6 Rc8 25. Rexe6+ Kf7 26. Rxc6 Kg8 27. Rxc8 Rxc8 28. b4 a5 29. a3 Kf7 30. Ra6 axb4 31. axb4 Ke7 32. Kc2 Rb8 33. Kc3 Kd8 34. Ra7 1-0